000 00480nam a2200181Ia 4500
008 090123s9999 xx 000 0 und d
082 _b4176
100 _aगांगल वसंत
245 _aससेमिरा
250 _a1
260 _bमनोरंजन
_c1976
300 _a84
600 _aगांगल वसंत
630 _aससेमिरा
700 _aगांगल वसंत
730 _aससेमिरा
942 _cBOOK
999 _c42252
_d42252